A fertőtlenítés jelentősége a nagyüzemi sertéstartásban
Elmentve itt :
| Szerző: | |
|---|---|
| További közreműködők: | |
| Dokumentumtípus: | Szakdolgozat |
| Megjelent: |
1975
|
| Kulcsszavak: | Sertéstenyésztés Fertőtlenítés Állategészségügy |
| Tárgyszavak: | |
| Online Access: | http://diploma.bibl.u-szeged.hu/98021 |
| LEADER | 00782nta a2200241 i 4500 | ||
|---|---|---|---|
| 001 | dipl98021 | ||
| 005 | 20220118073350.0 | ||
| 008 | 220118s1975 hu om 0|| hun d | ||
| 040 | |a SZTE Diploma Repozitórium |b hun | ||
| 041 | |a hun | ||
| 100 | 1 | |a Bereczki Márton | |
| 245 | 1 | 2 | |a A fertőtlenítés jelentősége a nagyüzemi sertéstartásban |h [elektronikus dokumentum] / |c Márton Bereczki |
| 260 | |c 1975 | ||
| 300 | |a 41 | ||
| 650 | 4 | |a Agrár | |
| 650 | 4 | |a Agricultural sciences | |
| 650 | 4 | |a Animal and Dairy science | |
| 650 | 4 | |a Husbandry | |
| 695 | |a Sertéstenyésztés | ||
| 695 | |a Fertőtlenítés | ||
| 695 | |a Állategészségügy | ||
| 700 | 1 | |a Takács Sándor |e ths | |
| 856 | 4 | 0 | |u http://diploma.bibl.u-szeged.hu/id/eprint/98021/1/1975_bereczki_marton.pdf |z Dokumentum-elérés |